书目信息 |
| 题名: |
药物生物信息学
|
|
| 作者: | 郑珩 , 王非 编著 | |
| 分册: | ||
| 出版信息: | 北京 化学工业出版社 2004.04 |
|
| 页数: | 294页 | |
| 开本: | 26cm | |
| 丛书名: | ||
| 单 册: | ||
| 中图分类: | R915 | |
| 科图分类: | ||
| 主题词: | 药物--生物信息论 , 生物信息论 | |
| 电子资源: | ||
| ISBN: | 7-5025-5318-5 | |
| 000 | 00727nam0 2200253 45 | |
| 001 | 012004000000 | |
| 005 | 20050114100816.61 | |
| 010 | @a7-5025-5318-5@dCNY 45.00 | |
| 100 | @a20041220d2004 em y0chiy0121 ea | |
| 101 | 0 | @achi |
| 102 | @aCN@b110000 | |
| 105 | @aak z 000yy | |
| 200 | 1 | @a药物生物信息学@Ayao wu sheng wu xin xi xue@f郑珩, 王非编著 |
| 210 | @a北京@c化学工业出版社@d2004.04 | |
| 215 | @a294页@c图, 表格@d26cm@e附光盘1片 | |
| 307 | @a附光盘: ISBN 7-89996-248-X | |
| 320 | @a本书含参考文献 | |
| 606 | 0 | @a药物@x生物信息论 |
| 606 | 0 | @a生物信息论 |
| 690 | @aR915@v4 | |
| 701 | 0 | @a郑珩@Azheng hang@4编著 |
| 701 | 0 | @a王非@Awang fei@4编著 |
| 801 | 0 | @aCN@bQSSKxf@c20050114 |
| 905 | @a10447@dR915@eZ431 | |
| 药物生物信息学/郑珩, 王非编著.-北京:化学工业出版社,2004.04 |
| 294页:图, 表格;26cm+附光盘1片 |
| ISBN 7-5025-5318-5:CNY 45.00 |
| ● |
| 相关链接 |
|
|
|
正题名:药物生物信息学
索取号:R915/Z431
 
预约/预借
| 序号 | 登录号 | 条形码 | 馆藏地/架位号 | 状态 | 备注 |
| 1 | 437781 | 204377815 | 自科库401/401自科库 22排4列1层/ [索取号:R915/Z431] | 在馆 | |
| 2 | 437782 | 204377824 | 自科库401/401自科库 22排4列1层/ [索取号:R915/Z431] | 在馆 |